000 00438nam a2200169Ia 4500
008 230917s9999||||xx |||||||||||||| ||und||
020 _cUSD99.95
040 _e230162
_aMAIN
041 _aEnglish
082 _a570 K689S
100 _aKlipp, Edda
245 0 _aSystems biology: A textbook
260 _aWeinheim
_bWiley-VCH
_c2010
300 _axxi, 569 p.
500 _a2242 05/01/2016 IBS15/296 08/01/2016 Main Budget
942 _cBK
999 _c17229
_d17229